<?xml version="1.0" encoding="UTF-8"?><record xmlns="http://www.loc.gov/MARC21/slim" xmlns:zs="http://docs.oasis-open.org/ns/search-ws/sruResponse">
  <leader>00630cz  a2200193n  4500</leader>
  <controlfield tag="001">n  83052786 </controlfield>
  <controlfield tag="003">DLC</controlfield>
  <controlfield tag="005">20100516075605.0</controlfield>
  <controlfield tag="008">830316n| acannaabn          |a ana      </controlfield>
  <datafield ind1=" " ind2=" " tag="010">
    <subfield code="a">n  83052786 </subfield>
  </datafield>
  <datafield ind1=" " ind2=" " tag="034">
    <subfield code="d">W0724358</subfield>
    <subfield code="e">W0724358</subfield>
    <subfield code="f">N0425900</subfield>
    <subfield code="g">N0425900</subfield>
    <subfield code="2">geonames</subfield>
  </datafield>
  <datafield ind1=" " ind2=" " tag="035">
    <subfield code="a">(OCoLC)oca00939032</subfield>
  </datafield>
  <datafield ind1=" " ind2=" " tag="040">
    <subfield code="a">DLC</subfield>
    <subfield code="b">eng</subfield>
    <subfield code="c">DLC</subfield>
    <subfield code="d">WaU</subfield>
    <subfield code="d">OCoLC</subfield>
  </datafield>
  <datafield ind1=" " ind2=" " tag="043">
    <subfield code="a">n-us-vt</subfield>
  </datafield>
  <datafield ind1=" " ind2=" " tag="151">
    <subfield code="a">Windham County (Vt.)</subfield>
  </datafield>
  <datafield ind1=" " ind2=" " tag="451">
    <subfield code="w">nnaa</subfield>
    <subfield code="a">Windham Co., Vt.</subfield>
  </datafield>
  <datafield ind1=" " ind2=" " tag="670">
    <subfield code="a">Morse, V. L. Windham County's famous covered bridges, 1960.</subfield>
  </datafield>
  <datafield ind1=" " ind2=" " tag="670">
    <subfield code="a">GeoNames, algorithmically matched, 2009</subfield>
    <subfield code="b">(adm2; 42°59ʹ00ʺN 072°43ʹ58ʺW)</subfield>
  </datafield>
  <datafield ind1=" " ind2="0" tag="781">
    <subfield code="z">Vermont</subfield>
    <subfield code="z">Windham County</subfield>
  </datafield>
</record>
